| 000 | 00419nam a22001457a 4500 | ||
|---|---|---|---|
| 020 | _a9788170353508 | ||
| 082 |
_a664.02 _bKHE/BA |
||
| 100 |
_aKhetarpaul, Neelam _9324 |
||
| 100 |
_aGrewal, Raj Bala _9635 |
||
| 100 |
_aJood, Sudesh _9325 |
||
| 245 | _aBakery Science and Cereal Technology | ||
| 260 |
_aNew Delhi _bDaya Publishing House, A Division of Astral International (P) Ltd _c2013 |
||
| 300 | _a311 | ||
| 942 | _cBK | ||
| 999 |
_c13643 _d13643 |
||